000 00524nam a2200205Ia 4500
005 20250923150123.0
008 008 250917s9999 xx 000 0 eng d
037 _aTextual
040 _aDSWL
_beng
_cDSWL
041 _aeng
_2eng
084 _qDSWL
100 _aSagaya, B N
_9842450
245 0 _aGuidance & Counselling
_c by B N Sagaya
260 _aChandigarh
_bAbhishek Publication India
_c2002
300 _a300p.
365 _aINR
_b695
925 _g695
942 _cTEXL
999 _c1459776
_d1459776